[Event "Mitropa Cup (Women)"]
[Site "Balatonszarszo"]
[Date "2017.09.17"]
[Round "1.20"]
[White "Liscinska, Jana"]
[Black "Rozman, Monika"]
[Result "0-1"]
[WhiteElo "1714"]
[BlackElo "2194"]
[PlyCount "66"]
[EventDate "2017.09.17"]
[EventType "team-tourn"]
[EventRounds "9"]
[EventCountry "HUN"]
[SourceTitle "CBM 180 Extra"]
[Source "ChessBase"]
[SourceDate "2017.10.06"]
[SourceVersion "1"]
[SourceVersionDate "2017.10.06"]
[SourceQuality "1"]
[WhiteTeam "Slovakia (W)"]
[BlackTeam "Slovenia (W)"]
[WhiteTeamCountry "SVK"]
[BlackTeamCountry "SLO"]

1. e4 c5 2. Nf3 d6 3. Bb5+ Bd7 4. Bxd7+ Qxd7 5. 0-0 Nf6 6. Re1 Nc6 7. c3 e6 8. d3 Be7 9. Nbd2 0-0 10. Ng5 h6 11. Nh3 b5 12. f4 e5 13. f5 d5 14. Nf2 Rfd8 15. Qe2 Rab8 16. Nf3 d4 17. Bd2 dxc3 18. bxc3 b4 19. Red1 a5 20. g4 Nh7 21. h4 Re8 22. Qe3 Qd8 23. g5 hxg5 24. hxg5 bxc3 25. g6 fxg6 26. fxg6 Nf8 27. Bxc3 Qd6 28. Kf1 Nxg6 29. Rab1 Qf6 30. Rb2 Rxb2 31. Bxb2 Rf8 32. Nh2 Qh4 33. Nhg4 Qxg4 0-1

[Event "SVK-ch U16/20 Girls"]
[Site "Liptovsky Mikulas"]
[Date "2017.04.28"]
[Round "9"]
[White "Liscinska, Jana"]
[Black "Ferkova, Dominika"]
[Result "1/2-1/2"]
[WhiteElo "1718"]
[BlackElo "2012"]
[PlyCount "40"]
[EventDate "2017.04.22"]
[EventType "swiss"]
[EventRounds "9"]
[EventCountry "SVK"]
[SourceTitle "CBM 178 Extra"]
[Source "ChessBase"]
[SourceDate "2017.06.22"]
[SourceVersion "1"]
[SourceVersionDate "2017.06.22"]
[SourceQuality "1"]

1. Nf3 d5 2. b3 Nf6 3. e3 c5 4. Bb2 e6 5. Bd3 Nc6 6. Bb5 a6 7. Bxc6+ bxc6 8. Ne5 Qc7 9. f4 Bd6 10. 0-0 0-0 11. d3 Nd7 12. Qh5 g6 13. Ng4 f6 14. Qh4 Qd8 15. Nh6+ Kh8 16. Rf3 e5 17. Nd2 Qe7 18. Ng4 Re8 19. Raf1 f5 20. Nxe5 Nxe5 1/2-1/2

[Event "SVK-ch U16/20 Girls"]
[Site "Liptovsky Mikulas"]
[Date "2017.04.23"]
[Round "2"]
[White "Liscinska, Jana"]
[Black "Poliakova, Emma"]
[Result "0-1"]
[WhiteElo "1718"]
[BlackElo "1908"]
[PlyCount "64"]
[EventDate "2017.04.22"]
[EventType "swiss"]
[EventRounds "9"]
[EventCountry "SVK"]
[SourceTitle "CBM 178 Extra"]
[Source "ChessBase"]
[SourceDate "2017.06.22"]
[SourceVersion "1"]
[SourceVersionDate "2017.06.22"]
[SourceQuality "1"]

1. Nf3 Nf6 2. g3 d6 3. c4 e5 4. Nc3 Be7 5. Bg2 0-0 6. 0-0 c5 7. Ne1 Nc6 8. Nc2 Rb8 9. Ne3 a6 10. d3 Nd4 11. Ned5 b5 12. e3 Ne6 13. a3 Nc7 14. Bd2 Ncxd5 15. Nxd5 bxc4 16. dxc4 Nxd5 17. Bxd5 Rxb2 18. Bc3 Rb8 19. Rb1 Bf5 20. e4 Bh3 21. Re1 Qd7 22. Qh5 Rxb1 23. Rxb1 Bg4 24. Rb7 Qc8 25. Qxg4 Qxg4 26. Rxe7 Qg5 27. Rd7 Qc1+ 28. Be1 Qxe1+ 29. Kg2 Qa5 30. Rxd6 Qxa3 31. Bb7 a5 32. Ra6 Qb4 0-1

[Event "Wch U18 Girls"]
[Site "Khanty-Mansiysk"]
[Date "2016.10.03"]
[Round "11"]
[White "Bandara, TBSH"]
[Black "Liscinska, Jana"]
[Result "0-1"]
[WhiteElo "1543"]
[BlackElo "1712"]
[PlyCount "100"]
[EventDate "2016.09.22"]
[EventType "swiss"]
[EventRounds "11"]
[EventCountry "RUS"]
[SourceTitle "EXT 2017"]
[Source "ChessBase"]
[SourceDate "2016.10.25"]
[SourceVersion "1"]
[SourceVersionDate "2016.10.25"]
[SourceQuality "1"]

1. e4 e6 2. d4 d5 3. Nc3 Bb4 4. exd5 Bxc3+ 5. bxc3 exd5 6. Bd3 Ne7 7. Qh5 h6 8. Ne2 c6 9. Qe5 0-0 10. Qg3 Nf5 11. Bxf5 Bxf5 12. Bxh6 Qf6 13. Be3 Bxc2 14. 0-0 Bd3 15. Rfe1 Qg6 16. Bf4 Nd7 17. Qxg6 Bxg6 18. Bd6 Rfe8 19. Nf4 Bf5 20. f3 Nb6 21. Bc5 f6 22. Bxb6 axb6 23. Rxe8+ Rxe8 24. Kf2 Kf7 25. Re1 Ra8 26. Re2 g5 27. Nh5 Bg6 28. Ng3 Ra3 29. Rb2 b5 30. Ne2 Bd3 31. Nc1 Rxc3 32. Nb3 b6 33. Ke1 Bc4 34. Kd2 Rd3+ 35. Kc2 Kg6 36. Rb1 Re3 37. Rd1 Re8 38. Kc1 Rh8 39. h3 Re8 40. Kc2 Kf5 41. Rd2 Kf4 42. Kc1 Kg3 43. Kc2 Bf1 44. Nc1 Bxg2 45. Ne2+ Kh4 46. Ng1 Bf1 47. Kd1 Bc4 48. Ne2 Kxh3 49. Nc3 Re3 50. Kc2 Rxf3 0-1

[Event "Banska Bystrica Regional Cup"]
[Site "Banska Bystrica"]
[Date "2016.05.06"]
[Round "1.4"]
[White "Liscinska, Jana"]
[Black "Slaba, Andrea"]
[Result "1-0"]
[WhiteElo "1773"]
[BlackElo "1830"]
[PlyCount "185"]
[EventDate "2016.05.06"]
[EventType "team-tourn"]
[EventRounds "5"]
[EventCountry "SVK"]
[SourceTitle "CBM 172 Extra"]
[Source "ChessBase"]
[SourceDate "2016.06.21"]
[SourceVersion "1"]
[SourceVersionDate "2016.06.21"]
[SourceQuality "1"]
[WhiteTeam "Presov Slavia"]
[BlackTeam "Trnava Modranka"]
[WhiteTeamCountry "SVK"]
[BlackTeamCountry "SVK"]

1. Nf3 Nf6 2. g3 g6 3. Bg2 Bg7 4. 0-0 0-0 5. c4 e6 6. Nc3 d5 7. d3 c6 8. Qb3 Qe7 9. Bd2 b6 10. a4 Nbd7 11. Nd4 Bb7 12. a5 e5 13. a6 exd4 14. axb7 Rab8 15. Nb1 Nc5 16. Qd1 dxc4 17. Bf4 cxd3 18. exd3 Qxb7 19. Bxb8 Rxb8 20. b4 Ne6 21. b5 Qc7 22. bxc6 Nc5 23. Na3 a6 24. Qc2 Ng4 25. Rfe1 Ne5 26. Rxe5 Bxe5 27. Re1 Bg7 28. Qe2 Bf8 29. Nc2 Rd8 30. f4 b5 31. Nb4 Bd6 32. Nd5 Qc8 33. Ne7+ Bxe7 34. Qxe7 Ne6 35. g4 Re8 36. Qd7 Rd8 37. Qe7 Re8 38. Qf6 Qd8 39. Qxd8 Rxd8 40. f5 Nf4 41. Be4 Kg7 42. Kf2 Nd5 43. g5 Nb6 44. f6+ Kf8 45. c7 Rc8 46. Bc6 b4 47. Re4 h6 48. Rxd4 Kg8 49. Rd8+ Kh7 50. Rxc8 Nxc8 51. Bb7 b3 52. Bxc8 b2 53. Bxa6 b1Q 54. c8Q Qb2+ 55. Kg3 Qe5+ 56. Kf3 Qxg5 57. Qc6 Qh5+ 58. Kg3 Qg5+ 59. Kf2 Qf4+ 60. Kg2 Qg4+ 61. Kf1 Qd1+ 62. Kg2 Qe2+ 63. Kg3 Qe3+ 64. Qf3 Qg5+ 65. Kh3 Qa5 66. Bc4 Qd8 67. Kg2 Qd7 68. h3 Qe8 69. Qe4 Qf8 70. Kf3 h5 71. Qe7 Qa8+ 72. Kf4 Kh6 73. Bxf7 Qa4+ 74. Qe4 g5+ 75. Kf5 Qd7+ 76. Be6 Qh7+ 77. Ke5 Qc7+ 78. Kd4 Qd8+ 79. Ke3 Qxf6 80. Qf5 Qe7 81. Ke4 Qb4+ 82. d4 Qe1+ 83. Kd5 Qa5+ 84. Kd6 Qb6+ 85. Ke5 Qc7+ 86. Kd5 Qa5+ 87. Kd6 Qb6+ 88. Ke7 Qc7+ 89. Bd7 Qf4 90. Qf6+ Kh7 91. Qxf4 gxf4 92. Kf6 f3 93. Bb5 1-0

[Event "SVK-chT2D 14/15"]
[Site "Slovakia"]
[Date "2014.12.06"]
[Round "5.6"]
[White "Koval, Jakub"]
[Black "Liscinska, Jana"]
[Result "1-0"]
[WhiteElo "1699"]
[BlackElo "1735"]
[PlyCount "61"]
[EventDate "2014.10.11"]
[EventType "team-tourn"]
[EventRounds "11"]
[EventCountry "SVK"]
[SourceTitle "EXT 2019"]
[Source "ChessBase"]
[SourceDate "2018.10.10"]
[SourceVersion "1"]
[SourceVersionDate "2018.10.10"]
[SourceQuality "1"]
[WhiteTeam "Presov Tatran Dason"]
[BlackTeam "Presov Slavia PU"]
[WhiteTeamCountry "SVK"]
[BlackTeamCountry "SVK"]

1. e4 e5 2. Nf3 Nc6 3. Bc4 Nf6 4. Ng5 d5 5. exd5 Na5 6. Bb5+ c6 7. dxc6 bxc6 8. Bd3 Be7 9. Nc3 h6 10. Nge4 0-0 11. Nxf6+ Bxf6 12. b4 Nb7 13. Ne4 Be7 14. g4 Qd5 15. Rg1 Nd6 16. Qe2 f5 17. Nxd6 Qxd6 18. gxf5 Bxf5 19. Bc4+ Kh8 20. Bb2 Bf6 21. 0-0-0 Qxb4 22. Bb3 Rae8 23. Qh5 Be4 24. f4 Qe7 25. f5 Bd5 26. Rg6 a5 27. Rdg1 Rf7 28. R1g3 Rd8 29. Rh3 Bg5 30. Rxg5 Qxg5 31. Qxg5 1-0

[Event "SVK-ch U16 Girls"]
[Site "Stara Lubovna"]
[Date "2014.04.11"]
[Round "6"]
[White "Poliakova, Emma"]
[Black "Liscinska, Jana"]
[Result "1/2-1/2"]
[WhiteElo "1695"]
[BlackElo "1616"]
[PlyCount "45"]
[EventDate "2014.04.05"]
[EventType "tourn"]
[EventRounds "7"]
[EventCountry "SVK"]
[SourceTitle "EXT 2016"]
[Source "ChessBase"]
[SourceDate "2015.10.08"]
[SourceVersion "1"]
[SourceVersionDate "2015.10.08"]
[SourceQuality "1"]

1. e4 Nc6 2. Nf3 d5 3. exd5 Qxd5 4. Nc3 Qa5 5. d4 Bg4 6. h3 Bh5 7. g4 Bg6 8. Bd2 0-0-0 9. Bg2 h5 10. Nh4 Nxd4 11. Nxg6 fxg6 12. 0-0 hxg4 13. Nd5 Qa6 14. Qxg4+ Nf5 15. Bf4 Ngh6 16. Bxh6 gxh6 17. Qf4 Qd6 18. Qc4 e6 19. Nc3 Bg7 20. Rad1 Qe7 21. a4 Nh4 22. Bxb7+ Kxb7 23. Qb5+ 1/2-1/2

[Event "SVK-ch U16 Girls"]
[Site "Stara Lubovna"]
[Date "2014.04.08"]
[Round "4"]
[White "Gazikova, Veronika"]
[Black "Liscinska, Jana"]
[Result "1-0"]
[WhiteElo "2140"]
[BlackElo "1616"]
[PlyCount "63"]
[EventDate "2014.04.05"]
[EventType "tourn"]
[EventRounds "7"]
[EventCountry "SVK"]
[SourceTitle "EXT 2016"]
[Source "ChessBase"]
[SourceDate "2015.10.08"]
[SourceVersion "1"]
[SourceVersionDate "2015.10.08"]
[SourceQuality "1"]

1. e4 e6 2. d4 d5 3. Nd2 dxe4 4. Nxe4 Bd7 5. c3 Bc6 6. Ng3 Nf6 7. Nf3 Nbd7 8. Bd3 Be7 9. Qe2 b6 10. 0-0 Bb7 11. Ne5 c5 12. Rd1 Qc7 13. Bg5 Nxe5 14. dxe5 Nd7 15. Bxe7 Kxe7 16. f4 h6 17. Be4 Rab8 18. Rd6 Rhd8 19. Rad1 Ke8 20. Qg4 Bxe4 21. Nxe4 Kf8 22. R1d3 c4 23. Rg3 g6 24. Qh4 h5 25. Qg5 Re8 26. Qh6+ Ke7 27. Rxg6 fxg6 28. Qg7+ Kd8 29. Nf6 Qc5+ 30. Kf1 Re7 31. Rxd7+ Kc8 32. Qf8+ 1-0

[Event "Wch U16 Girls"]
[Site "Al Ain"]
[Date "2013.12.28"]
[Round "11"]
[White "Liscinska, Jana"]
[Black "Bashaer, Khalil"]
[Result "0-1"]
[WhiteElo "1643"]
[BlackElo "1630"]
[PlyCount "120"]
[EventDate "2013.12.18"]
[EventType "swiss"]
[EventRounds "11"]
[EventCountry "UAE"]
[SourceTitle "CBM 158 Extra"]
[Source "ChessBase"]
[SourceDate "2014.02.28"]
[SourceVersion "1"]
[SourceVersionDate "2014.02.28"]
[SourceQuality "1"]

1. e4 c5 2. Nf3 e6 3. Nc3 Nc6 4. d4 cxd4 5. Nxd4 Nf6 6. Bg5 Be7 7. h4 Qb6 8. Ndb5 0-0 9. Be3 Qa5 10. Bd3 a6 11. Nd4 Bb4 12. Nde2 d5 13. exd5 Nxd5 14. Bd2 Nxc3 15. Nxc3 Qe5+ 16. Qe2 Qxe2+ 17. Bxe2 Nd4 18. Bd3 b5 19. a3 Bc5 20. Ne4 Bb6 21. 0-0-0 Bb7 22. Rhg1 Nf5 23. h5 h6 24. g4 Nd4 25. Nc3 Nf3 26. Rg3 Bxf2 27. Rxf3 Bxf3 28. Rf1 Bxg4 29. Rxf2 Bxh5 30. Rg2 Kh8 31. Be4 Rad8 32. Bb7 Rd6 33. Ne4 Rb6 34. Nc5 Rxb7 35. Nxb7 Bf3 36. Rf2 Bxb7 37. Bb4 Rd8 38. Rxf7 Bc8 39. Bc3 Rg8 40. Kd2 Kh7 41. Ke3 Kg6 42. Re7 h5 43. Be5 Kh6 44. Kf4 g5+ 45. Kg3 Kg6 46. Bd4 h4+ 47. Kg4 e5+ 48. Kf3 exd4 49. Re1 Kh5 50. Re5 Rf8+ 51. Kg2 Bb7+ 52. Kg1 Kg4 53. Re7 Ba8 54. Re6 Kg3 55. Rg6 g4 56. Re6 Rh8 57. c3 h3 58. Re2 h2+ 59. Rxh2 Rxh2 60. Kf1 Rxb2 0-1

[Event "SVK-ch U16 Girls"]
[Site "Lubovna"]
[Date "2013.04.11"]
[Round "5"]
[White "Poliakova, Emma"]
[Black "Liscinska, Jana"]
[Result "0-1"]
[WhiteElo "1342"]
[BlackElo "1597"]
[PlyCount "144"]
[EventDate "2013.04.06"]
[EventType "tourn"]
[EventRounds "7"]
[EventCountry "SVK"]
[SourceTitle "CBM 153 Extra"]
[Source "ChessBase"]
[SourceDate "2013.04.22"]
[SourceVersion "1"]
[SourceVersionDate "2013.04.22"]
[SourceQuality "1"]

1. e4 c6 2. d4 d5 3. exd5 cxd5 4. Bd3 Nc6 5. c3 Nf6 6. Bf4 e6 7. Nf3 Be7 8. Nbd2 Qb6 9. Qc2 0-0 10. Ne5 Nxe5 11. Bxe5 h6 12. h3 Bd7 13. g4 Bb5 14. 0-0-0 Bxd3 15. Qxd3 Qa5 16. g5 Ne4 17. gxh6 Bg5 18. hxg7 Rfc8 19. f4 Nxc3 20. Nb3 Qxa2 21. bxc3 Qxb3 22. Kd2 Qb2+ 23. Qc2 Qxc2+ 24. Kxc2 Be7 25. f5 exf5 26. Rhg1 f6 27. Bf4 b5 28. Kb2 Kf7 29. h4 Rg8 30. Bh6 f4 31. Rdf1 Bd6 32. h5 a5 33. Rg2 Ra7 34. Rg6 Ra6 35. Rfg1 Bb8 36. Bg5 f3 37. Be3 Re6 38. h6 Rxe3 39. h7 f2 40. h8Q Re2+ 41. Kb3 fxg1Q 42. Rxg1 Rh2 43. Rh1 Rgxh8 44. gxh8Q Rxh8 45. Rxh8 Bd6 46. Rh7+ Ke6 47. Rb7 b4 48. cxb4 Bxb4 49. Rb5 Kd6 50. Rb6+ Ke7 51. Kc2 Be1 52. Kd3 Bb4 53. Ke3 Bc3 54. Rb3 Bb4 55. Kf4 Kd7 56. Kf5 Kc6 57. Kxf6 Kb5 58. Rb1 Kc4 59. Ke5 a4 60. Rc1+ Bc3 61. Rc2 a3 62. Ra2 Bxd4+ 63. Kf4 Bb2 64. Ke3 Kc3 65. Ke2 Kb3 66. Rxa3+ Bxa3 67. Kd3 Bc5 68. Kd2 d4 69. Kd3 Bb6 70. Kd2 Kc4 71. Kc2 Ba5 72. Kd1 Kd3 0-1

[Event "Wch U16 Girls"]
[Site "Al Ain"]
[Date "2013.??.??"]
[Round "6"]
[White "Smaraki, Mohanty"]
[Black "Liscinska, Jana"]
[Result "1-0"]
[WhiteElo "1837"]
[BlackElo "1643"]
[PlyCount "73"]
[EventDate "2013.12.18"]
[EventType "swiss"]
[EventRounds "11"]
[EventCountry "UAE"]
[SourceTitle "CBM 158 Extra"]
[Source "ChessBase"]
[SourceDate "2014.02.28"]
[SourceVersion "1"]
[SourceVersionDate "2014.02.28"]
[SourceQuality "1"]

1. c4 Nf6 2. Nc3 e5 3. g3 d5 4. cxd5 Nxd5 5. Bg2 Be6 6. d3 Nc6 7. Nf3 Be7 8. 0-0 0-0 9. Bd2 f5 10. Nxd5 Bxd5 11. Bc3 Bf6 12. Re1 e4 13. dxe4 Bxe4 14. Qb3+ Kh8 15. Rad1 Qe7 16. Nd2 Bxg2 17. Kxg2 Bxc3 18. bxc3 b6 19. e4 Qf6 20. f4 fxe4 21. Nxe4 Qf5 22. Ng5 Na5 23. Qa4 h6 24. Re5 Qg6 25. Ne6 Rf7 26. h4 c5 27. h5 Qf6 28. Qe4 Re8 29. Ng5 hxg5 30. Rxe8+ Rf8 31. Rxf8+ Qxf8 32. fxg5 Qg8 33. h6 Qxa2+ 34. Kh3 Qg8 35. hxg7+ Kxg7 36. Rd7+ Kh8 37. Qe5+ 1-0

[Event "EU-ch U14 Girls"]
[Site "Prague"]
[Date "2012.08.18"]
[Round "2"]
[White "Vidic, Teja"]
[Black "Liscinska, Jana"]
[Result "1-0"]
[WhiteElo "1888"]
[BlackElo "1589"]
[PlyCount "101"]
[EventDate "2012.08.17"]
[EventType "swiss"]
[EventRounds "9"]
[EventCountry "CZE"]
[SourceTitle "CBM 150 Extra"]
[Source "ChessBase"]
[SourceDate "2012.10.19"]
[SourceVersion "1"]
[SourceVersionDate "2012.10.19"]
[SourceQuality "1"]

1. e4 e5 2. Nf3 Nc6 3. d4 exd4 4. Nxd4 Bc5 5. Nb3 Bb6 6. Nc3 Qf6 7. Qe2 Nge7 8. Be3 Bxe3 9. Qxe3 a6 10. 0-0-0 d6 11. Nd5 Nxd5 12. exd5+ Ne7 13. Re1 Bf5 14. Nd4 Bg6 15. h4 h5 16. Rh3 Kd7 17. Rf3 Bf5 18. Qxe7+ Qxe7 19. Rxe7+ Kxe7 20. Nxf5+ Kf8 21. Rc3 g6 22. Ne3 Rc8 23. Rb3 b6 24. Bxa6 Ra8 25. Ra3 Ke7 26. Ra4 f5 27. g3 Kf6 28. f4 Rhe8 29. Kd2 Reb8 30. Bb5 Rxa4 31. Bxa4 Ra8 32. Bb3 Re8 33. c3 Re7 34. Nc2 Re4 35. Nd4 Re7 36. Ne6 Kf7 37. Kd3 Re8 38. Kc4 c6 39. Ng5+ Ke7 40. dxc6 Kd8 41. Kb5 Kc7 42. Ne6+ Kb8 43. Kxb6 g5 44. c7+ Kc8 45. Nxg5 Re7 46. Be6+ Rxe6 47. Nxe6 d5 48. Nd4 Kd7 49. Kb7 Ke7 50. c8Q Kf6 51. Qxf5+ 1-0